Noms de pays contenant d'autres noms de pays - Statistiques

Statistiques générales
  • Ce quiz a été pris 160 fois
  • Le résultat moyen est 7 sur 14
Statistiques - réponses
Réponse % Correct
Guinée
83%
Guinée Équatoriale
79%
Guinée-Bissau
78%
Papouasie-Nouvelle-Guinée
70%
Soudan
55%
Soudan du sud
55%
Biélorussie
51%
Russie
49%
Niger
38%
Nigeria
38%
Mali
22%
Somalie
17%
Laos
16%
Palaos
14%
Aucun quiz correspondant
Distribution des résultats
% des personnes avec chaque résultat
Percentile par nombre de réponses
Votre historique - résultats
Vous n’avez pas pris ce quiz